[Event "ISR-chT 1011"]
[Site "Israel"]
[Date "2010.12.24"]
[Round "1.4"]
[White "Mittelman, Gur"]
[Black "Neimer, Vitaly"]
[Result "1/2-1/2"]
[WhiteElo "2384"]
[BlackElo "2371"]
[PlyCount "30"]
[EventDate "2010.12.24"]
[EventType "team-tourn"]
[EventRounds "11"]
[EventCountry "ISR"]
[SourceTitle "EXT 2012"]
[Source "ChessBase"]
[SourceDate "2011.11.24"]
[SourceVersion "1"]
[SourceVersionDate "2011.11.24"]
[SourceQuality "1"]
[WhiteTeam "Beer Sheva II"]
[BlackTeam "Petah Tikva Hapoel"]
[WhiteTeamCountry "ISR"]
[BlackTeamCountry "ISR"]

1. d4 Nf6 2. Nf3 e6 3. c4 b6 4. g3 Ba6 5. b3 Bb4+ 6. Bd2 Be7 7. Bg2 c6 8. Bc3 d5 9. Nbd2 0-0 10. 0-0 Nbd7 11. Re1 Rc8 12. e4 dxe4 13. Nxe4 c5 14. Rc1 Bb7 15. Nfg5 Rc7 1/2-1/2

[Event "ISR-chT 0809"]
[Site "Israel"]
[Date "2009.05.15"]
[Round "9"]
[White "Tarnopolsky, Anatoly"]
[Black "Mittelman, Gur"]
[Result "1/2-1/2"]
[WhiteElo "2301"]
[BlackElo "2418"]
[PlyCount "100"]
[EventDate "2008.12.12"]
[EventType "team-tourn"]
[EventRounds "11"]
[EventCountry "ISR"]
[SourceTitle "EXT 2010"]
[Source "ChessBase"]
[SourceDate "2010.11.25"]
[SourceVersion "1"]
[SourceVersionDate "2010.11.25"]
[SourceQuality "1"]

1. d4 Nf6 2. c4 g6 3. Nc3 Bg7 4. e4 d6 5. Nf3 0-0 6. Be2 e5 7. 0-0 Na6 8. Be3 Ng4 9. Bg5 Qe8 10. c5 exd4 11. Nd5 Be6 12. Be7 Bxd5 13. Bxf8 Qxf8 14. exd5 dxc5 15. Qb3 Rb8 16. Rac1 Bh6 17. Rcd1 Qd6 18. Qa3 Nf6 19. Bxa6 bxa6 20. Nd2 Qxd5 21. Nb3 Bf8 22. Qxa6 Bd6 23. Qe2 Re8 24. Qf3 Qxf3 25. gxf3 Rb8 26. Rb1 Kf8 27. Nd2 Nd5 28. Nc4 Nb6 29. b3 Nd5 30. Rfe1 Re8 31. Rxe8+ Kxe8 32. Nb2 Kd7 33. Nd3 Nc3 34. Ra1 Ke6 35. a4 Kd5 36. Nb2 Ne2+ 37. Kf1 Nf4 38. Ke1 h5 39. Kd2 Ne6 40. Rh1 h4 41. h3 Bf4+ 42. Ke2 Bg5 43. Nd3 Be7 44. Rc1 Bd6 45. Rb1 Ng5 46. Rg1 Be7 47. Nf4+ Ke5 48. Nd3+ Kd5 49. Nf4+ Ke5 50. Nd3+ Kd5 1/2-1/2

[Event "ISR-chT 0809"]
[Site "Israel"]
[Date "2009.01.09"]
[Round "5"]
[White "Baron, Tal"]
[Black "Mittelman, Gur"]
[Result "1-0"]
[WhiteElo "2299"]
[BlackElo "2418"]
[PlyCount "49"]
[EventDate "2008.12.12"]
[EventType "team-tourn"]
[EventRounds "11"]
[EventCountry "ISR"]
[SourceTitle "EXT 2010"]
[Source "ChessBase"]
[SourceDate "2010.11.25"]
[SourceVersion "1"]
[SourceVersionDate "2010.11.25"]
[SourceQuality "1"]

1. e4 c6 2. d4 d5 3. Nc3 dxe4 4. Nxe4 Bf5 5. Ng3 Bg6 6. h4 h6 7. Nf3 Nf6 8. Ne5 Bh7 9. Bd3 Bxd3 10. Qxd3 e6 11. Bd2 Be7 12. 0-0-0 Nbd7 13. f4 c5 14. d5 Nxd5 15. Nh5 Bf6 16. Qg3 Kf8 17. c4 N5b6 18. Bc3 Ke7 19. Nxf7 Kxf7 20. Bxf6 Qg8 21. Bxg7 Rh7 22. f5 exf5 23. Rhf1 Ke7 24. Rfe1+ Kf7 25. Qf3 1-0

[Event "Sao Paulo Itau Cup 7th"]
[Site "Sao Paulo"]
[Date "2003.10.02"]
[Round "6"]
[White "Soppe, Guillermo"]
[Black "Mittelman, Gur"]
[Result "1/2-1/2"]
[WhiteElo "2467"]
[BlackElo "2437"]
[PlyCount "37"]
[EventDate "2003.10.??"]
[EventType "swiss"]
[EventRounds "9"]
[EventCountry "BRA"]
[SourceTitle "CBM 096 Extra"]
[Source "ChessBase"]
[SourceDate "2003.10.22"]
[SourceVersion "2"]
[SourceVersionDate "2003.10.20"]
[SourceQuality "1"]

1. d4 Nf6 2. Nf3 g6 3. c4 Bg7 4. Nc3 0-0 5. e4 d6 6. Be2 e5 7. 0-0 Na6 8. Be3 Ng4 9. Bg5 Qe8 10. dxe5 dxe5 11. h3 h6 12. Bd2 Nf6 13. Be3 Qe7 14. Nd5 Qd8 15. Nxf6+ Qxf6 16. c5 Nb8 17. b4 Nc6 18. b5 Rd8 19. Qc1 1/2-1/2

[Event "ISR-chT"]
[Site "Israel"]
[Date "2003.03.28"]
[Round "8"]
[White "Mittelman, Gur"]
[Black "Klenburg, Mikhail"]
[Result "0-1"]
[WhiteElo "2407"]
[BlackElo "2349"]
[PlyCount "100"]
[EventDate "2003.01.??"]
[EventType "team-tourn"]
[EventRounds "11"]
[EventCountry "ISR"]
[SourceTitle "EXT 2004"]
[Source "ChessBase"]
[SourceDate "2003.11.25"]
[SourceVersion "1"]
[SourceVersionDate "2003.11.25"]
[SourceQuality "1"]

1. d4 d6 2. Nf3 Nf6 3. c4 Nbd7 4. Nc3 c6 5. e4 Qc7 6. Be2 e5 7. 0-0 Be7 8. Be3 0-0 9. d5 a6 10. Nd2 c5 11. a4 a5 12. Kh1 Qd8 13. g3 Ne8 14. Bd3 Nc7 15. f4 Re8 16. Nf3 Bf6 17. f5 Nb8 18. g4 Nba6 19. Rg1 Be7 20. Qd2 Nb4 21. Be2 Bd7 22. Raf1 Qc8 23. h3 Bf8 24. Nh2 Kh8 25. Rf2 Rd8 26. f6 gxf6 27. Rxf6 Bg7 28. Rxf7 Rf8 29. Rxf8+ Qxf8 30. Nf3 Bf6 31. Bh6 Qe7 32. Rf1 Rg8 33. Nh2 Qd8 34. Rf2 Bh4 35. Rf3 Be7 36. Nf1 Bf8 37. Ng3 Qh4 38. Bxf8 Bxg4 39. Bg7+ Kxg7 40. Nf5+ Bxf5 41. exf5 Kf8 42. Bf1 Ne8 43. b3 Nf6 44. Bg2 Ke7 45. Re3 Qg5 46. Qf2 Nc2 47. Re2 Nd4 48. Ne4 Qh5 49. Re1 Rg7 50. Kh2 Ng4+ 0-1

[Event "ISR-chT"]
[Site "Israel"]
[Date "2003.03.21"]
[Round "7"]
[White "Golod, Vitali"]
[Black "Mittelman, Gur"]
[Result "1/2-1/2"]
[WhiteElo "2532"]
[BlackElo "2407"]
[PlyCount "41"]
[EventDate "2003.01.??"]
[EventType "team-tourn"]
[EventRounds "11"]
[EventCountry "ISR"]
[SourceTitle "EXT 2004"]
[Source "ChessBase"]
[SourceDate "2003.11.25"]
[SourceVersion "1"]
[SourceVersionDate "2003.11.25"]
[SourceQuality "1"]

1. d4 Nf6 2. c4 g6 3. Nc3 Bg7 4. e4 d6 5. Nf3 0-0 6. Be2 e5 7. 0-0 Na6 8. Be3 Ng4 9. Bg5 Qe8 10. dxe5 dxe5 11. h3 h6 12. Bc1 Nf6 13. Be3 Qe7 14. Nd5 Qd8 15. Qc1 Kh7 16. Rd1 Nxe4 17. c5 Bd7 18. Qc2 f5 19. Bxa6 bxa6 20. c6 Be6 21. Nb6 1/2-1/2

[Event "Politiken Cup 22nd"]
[Site "Copenhagen"]
[Date "2000.07.26"]
[Round "9"]
[White "Mittelman, Gur"]
[Black "Psakhis, Lev"]
[Result "1/2-1/2"]
[WhiteElo "2419"]
[BlackElo "2611"]
[PlyCount "106"]
[EventDate "2000.07.17"]
[EventType "swiss"]
[EventRounds "11"]
[EventCountry "DEN"]
[SourceTitle "CBM 077 Extra"]
[Source "ChessBase"]
[SourceDate "2000.09.14"]
[SourceVersion "1"]
[SourceVersionDate "2000.09.14"]
[SourceQuality "1"]

1. d4 Nf6 2. Nf3 e6 3. c4 b6 4. g3 Ba6 5. b3 Bb4+ 6. Bd2 Be7 7. Bg2 Bb7 8. 0-0 0-0 9. Nc3 d5 10. cxd5 exd5 11. Qc2 Na6 12. Rad1 Qc8 13. Bg5 h6 14. Bf4 Rd8 15. Nh4 Ne4 16. Nxe4 dxe4 17. Bxe4 Bxe4 18. Qxe4 Bxh4 19. gxh4 Qg4+ 20. Kh1 Re8 21. Qf3 Qxf3+ 22. exf3 Nb4 23. d5 Rad8 24. Bxc7 Rxd5 25. a3 Nd3 26. Rd2 Rc8 27. Be5 Nxf2+ 28. Rfxf2 Rxe5 29. Rd3 a5 30. Kg2 Rc6 31. Rfd2 Rb5 32. Rd8+ Kh7 33. R2d3 Rc2+ 34. Kg3 Rb2 35. a4 Rc5 36. R8d6 Rcc2 37. Rxb6 Rxh2 38. Rb5 Rbg2+ 39. Kf4 Rxh4+ 40. Ke3 g5 41. Rxa5 Rf4 42. Rc5 Rb2 43. Rb5 f6 44. a5 Ra2 45. Rd4 Rxd4 46. Kxd4 h5 47. b4 h4 48. Rb7+ Kg6 49. Rb8 Kf5 50. Kc3 Kf4 51. Kb3 Ra1 52. Kb2 Ra4 53. Kb3 Ra1 1/2-1/2

[Event "EU-ch 1st"]
[Site "Saint Vincent"]
[Date "2000.07.06"]
[Round "4"]
[White "Anastasian, Ashot"]
[Black "Mittelman, Gur"]
[Result "0-1"]
[WhiteElo "2571"]
[BlackElo "2419"]
[PlyCount "114"]
[EventDate "2000.07.03"]
[EventType "swiss"]
[EventRounds "11"]
[EventCountry "ITA"]
[SourceTitle "CBM 078"]
[Source "ChessBase"]
[SourceDate "2000.10.18"]
[SourceVersion "1"]
[SourceVersionDate "2000.10.18"]
[SourceQuality "1"]

1. d4 Nf6 2. c4 g6 3. Nc3 Bg7 4. e4 d6 5. Be2 0-0 6. Bg5 c5 7. d5 Qa5 8. Qd2 a6 9. a4 b5 10. cxb5 Nbd7 11. Ra3 Qb4 12. f3 axb5 13. Bxb5 Ba6 14. Bxf6 Nxf6 15. Bxa6 Rxa6 16. Nge2 Rb8 17. Ra2 Nd7 18. 0-0 Ne5 19. Rb1 Qc4 20. Ra3 Qb4 21. Ra2 Qc4 22. Raa1 h5 23. h3 Rb3 24. Ra3 Qb4 25. Rxb3 Qxb3 26. Qd1 Qb4 27. Qc2 Nc4 28. Kh1 Ra8 29. Qc1 Na5 30. Qd1 Nb3 31. Qd3 Nd4 32. Nc1 Nb3 33. N1a2 Qa5 34. Qc2 c4 35. Qd1 Be5 36. Nc1 Nc5 37. N1e2 Nd3 38. Qd2 Nc5 39. Qc2 Nd3 40. Nd1 Qe1+ 41. Ng1 Qg3 42. f4 Bxf4 43. Nf3 Ne1 44. Qf2 Qxf2 45. Nxf2 Nxf3 46. gxf3 Rxa4 47. Nd1 Kg7 48. Kg2 Kf6 49. Kf2 Ke5 50. Ke2 f5 51. exf5 Kxf5 52. Nc3 Rb4 53. Kd1 Be5 54. Kc2 g5 55. Rf1 Kf6 56. Kc1 Bxc3 57. bxc3 Rb5 0-1

[Event "EU-ch 1st"]
[Site "Saint Vincent"]
[Date "2000.07.05"]
[Round "3"]
[White "Mittelman, Gur"]
[Black "Fressinet, Laurent"]
[Result "1/2-1/2"]
[WhiteElo "2419"]
[BlackElo "2536"]
[PlyCount "42"]
[EventDate "2000.07.03"]
[EventType "swiss"]
[EventRounds "11"]
[EventCountry "ITA"]
[SourceTitle "CBM 078"]
[Source "ChessBase"]
[SourceDate "2000.10.18"]
[SourceVersion "1"]
[SourceVersionDate "2000.10.18"]
[SourceQuality "1"]

1. d4 d5 2. c4 e6 3. Nf3 c6 4. Qb3 Nf6 5. g3 dxc4 6. Qxc4 b5 7. Qd3 Bb7 8. Bg2 Nbd7 9. Bg5 a6 10. a4 Be7 11. 0-0 0-0 12. Nbd2 Qb6 13. Bxf6 Nxf6 14. Nb3 Rac8 15. Rfc1 Nd7 16. Nfd2 c5 17. Bxb7 Qxb7 18. axb5 axb5 19. dxc5 Nxc5 20. Nxc5 Bxc5 21. Ne4 Be7 1/2-1/2

[Event "Gonen Memorial"]
[Site "Beersheba"]
[Date "2000.02.25"]
[Round "3"]
[White "Mittelman, Gur"]
[Black "Tyomkin, Dimitri"]
[Result "1/2-1/2"]
[WhiteElo "2443"]
[BlackElo "2516"]
[PlyCount "101"]
[EventDate "2000.02.??"]
[EventType "swiss"]
[EventRounds "5"]
[EventCountry "ISR"]
[EventCategory "4"]
[SourceTitle "CBM 077"]
[Source "ChessBase"]
[SourceDate "2000.07.27"]
[SourceVersion "1"]
[SourceVersionDate "2000.07.27"]
[SourceQuality "1"]

1. d4 d5 2. c4 c6 3. cxd5 cxd5 4. Nf3 Nf6 5. Nc3 Nc6 6. Bf4 Ne4 7. e3 Nxc3 8. bxc3 g6 9. Ne5 Bg7 10. Bb5 Bxe5 11. Bxe5 0-0 12. Bg3 Na5 13. Bd3 b6 14. 0-0 Bb7 15. Qe2 Rc8 16. Rac1 Qd7 17. h4 h5 18. Bf4 Qe6 19. f3 Nc4 20. e4 b5 21. Rfe1 Rfe8 22. Qf2 a6 23. e5 Rc6 24. Bg5 Bc8 25. Kh2 Bd7 26. Rf1 Kg7 27. Rce1 Nb6 28. f4 Rxc3 29. f5 gxf5 30. Re3 Rxd3 31. Rxd3 Rh8 32. Rg3 Kf8 33. Qd2 Ke8 34. Qb4 Kd8 35. Rgf3 f6 36. exf6 exf6 37. Re1 Qc6 38. Qe7+ Kc8 39. Qg7 Qd6+ 40. Bf4 Qf8 41. Rg3 Qxg7 42. Rxg7 Nc4 43. Ree7 Rd8 44. Ref7 a5 45. Rxf6 b4 46. Bg5 Re8 47. Ra6 Kb7 48. Rh6 Kc8 49. Be7 Ne3 50. Rhh7 f4 51. Kg1 1/2-1/2

[Event "Hampstead GM 4th"]
[Site "Hampstead"]
[Date "1998.11.01"]
[Round "9"]
[White "Mittelman, Gur"]
[Black "Ippolito, Dean"]
[Result "0-1"]
[WhiteElo "2410"]
[BlackElo "2430"]
[PlyCount "86"]
[EventDate "1998.10.??"]
[EventType "tourn"]
[EventRounds "9"]
[EventCountry "ENG"]
[EventCategory "7"]
[SourceTitle "EXT 1999"]
[Source "ChessBase"]
[SourceDate "1998.11.16"]
[SourceVersion "1"]
[SourceVersionDate "1998.11.16"]
[SourceQuality "1"]

1. d4 d5 2. c4 e6 3. Nf3 Nf6 4. g3 Be7 5. Bg2 0-0 6. 0-0 dxc4 7. Qc2 a6 8. Qxc4 b5 9. Qc2 Bb7 10. Bg5 Nbd7 11. Bxf6 Nxf6 12. Nbd2 Rc8 13. Nb3 c5 14. dxc5 Be4 15. Qc3 Bd5 16. Rfd1 Ne4 17. Qe1 Qc7 18. Nfd4 Bxc5 19. Nxc5 Qxc5 20. e3 Qe7 21. Rac1 Qb7 22. Rxc8 Rxc8 23. Rc1 g6 24. Rxc8+ Qxc8 25. Qd1 Qb7 26. Qc2 e5 27. Nf3 Nd6 28. Qd1 Nc4 29. b3 Nb6 30. Ne1 Bxg2 31. Nxg2 Qd5 32. Qc2 Nd7 33. e4 Qd4 34. Ne3 Nc5 35. Nd5 Kg7 36. Nc7 Nxe4 37. Nxa6 Nc3 38. b4 e4 39. a3 Qd3 40. Qb2 f6 41. Qa1 Ne2+ 42. Kf1 Nxg3+ 43. Kg1 Ne2+ 0-1

[Event "Rishon Le Ziyyon 9798"]
[Site "Rishon Le Ziyyon"]
[Date "1998.01.02"]
[Round "9"]
[White "Bitensky, Igor"]
[Black "Mittelman, Gur"]
[Result "1/2-1/2"]
[WhiteElo "2165"]
[BlackElo "2415"]
[PlyCount "36"]
[EventDate "1997.12.25"]
[EventType "swiss"]
[EventRounds "9"]
[EventCountry "ISR"]
[SourceTitle "CBM 062 Extra"]
[Source "ChessBase"]
[SourceDate "1998.03.09"]
[SourceVersion "1"]
[SourceVersionDate "1998.03.09"]
[SourceQuality "1"]

1. Nf3 Nf6 2. c4 g6 3. Nc3 Bg7 4. d4 0-0 5. e4 d6 6. Be2 e5 7. dxe5 dxe5 8. Qxd8 Rxd8 9. Bg5 Re8 10. Nd5 Nxd5 11. cxd5 c6 12. Bc4 cxd5 13. Bxd5 Nd7 14. 0-0 h6 15. Bh4 Nb6 16. Bb3 Bd7 17. Nd2 Rac8 18. Rfd1 Be6 1/2-1/2

[Event "Biel"]
[Site "Biel"]
[Date "1998.??.??"]
[Round "10"]
[White "Mittelman, Gur"]
[Black "Gallagher, Joseph G"]
[Result "1/2-1/2"]
[WhiteElo "2415"]
[BlackElo "2490"]
[PlyCount "56"]
[EventDate "1998.07.??"]
[EventType "tourn"]
[EventRounds "11"]
[EventCountry "SUI"]
[EventCategory "9"]
[SourceTitle "EXT 1999"]
[Source "ChessBase"]
[SourceDate "1998.11.16"]
[SourceVersion "1"]
[SourceVersionDate "1998.11.16"]
[SourceQuality "1"]

1. d4 Nf6 2. Nf3 g6 3. g3 Bg7 4. Bg2 0-0 5. 0-0 d6 6. c4 Nbd7 7. Nc3 e5 8. e4 a6 9. h3 b5 10. cxb5 axb5 11. dxe5 dxe5 12. Be3 c6 13. Qc2 Qe7 14. b3 Ba6 15. Rfd1 Rfc8 16. Bf1 Bb7 17. Nb1 Ne8 18. Nbd2 Nc7 19. a4 Ne6 20. axb5 Rxa1 21. Rxa1 cxb5 22. Qb2 Qb4 23. Qa3 Qxa3 24. Rxa3 Bc6 25. Ra5 Rb8 26. Ra6 Rc8 27. Ra5 Rb8 28. Ra6 Rc8 1/2-1/2